1820 1067 1644 1303 1446 1252 1718 1639 1203 1868 1779 1791 1557 1637 1538 1031 1395 1632 1137 1240 1444 1426 1983 1087 1145 1868 1011 1008 1409 1060 1895 1305 1192 1328 1872 1915 1061 1478 1405 1229 1522 1475 1755 1100 1128 1112 1254 1313 1354 1777 1210 1542 1031 1316 1586 1988 1643 1641 1946 1562 1903 1096 1091 1603 1050 1672 1070 1532 1234 1539 1393 1929 1990 1433 1310 1009 1668 1369 1515 1205 1352 1827 1090 1525 1206 1145 1592 1636 1643 1518 1063 1165 1633 1490 1506 1715 1572 1281 1900 BCNSPRNW ULIB Ver.6.0+V

เปลี่ยนเป็นภาษาไทย

Change to English
 แสดงรายละเอียดบรรณานุกรม
  กลับหน้าหลัก

Brief Record : Get Marc (ISO 2709) : E-mail record : QR code < ปิดหน้าต่าง
LEADER : 00000nam 2200000uu 4500
001    13399123052
003     ULIB
008    020711s2536 th a 000 0 tha d
099    นว.^bช241ร
100    ชลาลัย
245    ระบำดอกหญ้า เล่ม2 /^cชลาลัย
260    กรุงเทพฯ :^bคลังวิทยา,^c2536
300    384 หน้า
945    ^p0^l0^i001709
รายการนี้ยังไม่มีแท็ก
คุณยังไม่ได้ล็อกอิน คุณสามารถมีกิจกรรมร่วมกับเว็บไซต์ได้ แต่ต้องล็อกอินก่อน ::
  ล็อกอิน

รายการสื่อสารสนเทศ

ลำดับที่ ประเภท เลขเรียก/บาร์โค้ด สถานที่ สถานะ
1. นวนิยาย
นวนิยาย
นว. ช241ร ฉ.1 
  Barcode: 001709
ห้องสมุดวิทยาเขตสวรรค์ประชารักษ์
►นวนิยาย
บนชั้น
  ขอยืม

รายการใกล้เคียง
    ผู้แต่ง [ชลาลัย]

BibComment


ยังไม่เคยถูกคอมเมนท์

คอมเมนท์ทรัพยากรรายการนี้
  คอมเมนท์: ระบำดอกหญ้า เล่ม2..


 Copyright 2026. Bcnsprnw @Library